| 000 -LEADER |
| fixed length control field |
00577nam a2200181 4500 |
| 008 - FIXED-LENGTH DATA ELEMENTS--GENERAL INFORMATION |
| fixed length control field |
191206b ||||| |||| 00| 0 eng d |
| 100 ## - MAIN ENTRY--PERSONAL NAME |
| Personal name |
Tong, Yuying |
| 245 ## - TITLE STATEMENT |
| Title |
Migration, livelihood strategies, and agricultural outcomes: A gender study in Rural China |
| 260 ## - PUBLICATION, DISTRIBUTION, ETC. (IMPRINT) |
| Name of publisher, distributor, etc |
Rural Sociology |
| 300 ## - PHYSICAL DESCRIPTION |
| Extent |
84(3), Sep, 2019: p.591-621. |
| 650 ## - SUBJECT ADDED ENTRY--TOPICAL TERM |
| Topical term or geographic name as entry element |
Agriculture - China |
| 9 (RLIN) |
14319 |
| 650 ## - SUBJECT ADDED ENTRY--TOPICAL TERM |
| Topical term or geographic name as entry element |
Women - China |
| 9 (RLIN) |
14320 |
| 700 ## - ADDED ENTRY--PERSONAL NAME |
| Personal name |
Shu, Binbin |
| 9 (RLIN) |
14321 |
| 700 ## - ADDED ENTRY--PERSONAL NAME |
| Personal name |
Piotrowski, Martin |
| 9 (RLIN) |
14322 |
| 773 ## - HOST ITEM ENTRY |
| Main entry heading |
Rural Sociology |
| 906 ## - LOCAL DATA ELEMENT F, LDF (RLIN) |
| Subject DIP |
Migration - China |
| 942 ## - ADDED ENTRY ELEMENTS (KOHA) |
| Source of classification or shelving scheme |
|
| Item type |
Articles |